|
|
|
|
| LEADER |
00968nam a22002537a 4500 |
| 001 |
35177 |
| 003 |
BD-DhAAL |
| 005 |
20190826122441.0 |
| 008 |
190826b2013 bg a|||| |||| 00| 0 eng d |
| 999 |
|
|
|c 41054
|d 41054
|
| 020 |
|
|
|a 9789843374349
|
| 040 |
|
|
|a BD-DhAAL
|
| 082 |
|
|
|a 720.92
|2 22
|
| 100 |
|
|
|a Ahmed, Salauddin
|9 33576
|
| 245 |
|
|
|a Water । ink । paper /
|c Salauddin Ahmed
|
| 260 |
|
|
|a Dhaka :
|b Loka Press,
|c c2013
|
| 300 |
|
|
|a 177 pages :
|b illustrations ;
|c 18 cm
|
| 526 |
|
|
|a ARC
|
| 541 |
|
|
|a Complimentary copy from the department of Architecture
|e 35177
|
| 650 |
|
|
|a Architecture
|v Sketch-books.
|9 33577
|
| 650 |
|
|
|a Architectural drawing.
|9 33578
|
| 852 |
|
|
|a Department of Architecture
|b General Stacks
|
| 942 |
|
|
|2 ddc
|c BK
|
| 952 |
|
|
|0 0
|1 0
|2 ddc
|4 0
|6 720_920000000000000_AHM
|7 0
|9 66050
|a BRACUL
|b BRACUL
|c GEN
|d 2019-08-26
|e Complimentary copy
|l 2
|m 30
|o 720.92 AHM
|p 3010035177
|r 2025-10-08
|s 2025-02-19
|t 1
|w 2019-08-26
|y BK
|x Transferred from ARC to BRACUL on 28/12/2023
|